00363pab a2200121 454500008004000000100001600040245011700056260000900173300001300182362001200195650001400207773002000221180718b1998 xxu||||| |||| 00| 0 eng d aEley, Geoff aSocialism by any other name?: illusions and renewal in the history of the Western European left (review article) c1998 ap.97-115 aJan-Feb aSocialism aNew Left Review